Random Football Players - Picture - Statistics

General Stats
  • This quiz has been taken 30 times
  • The average score is 31 of 36
Answer Stats
Picture Answer % Correct
Lionel Messi
100%
Cristiano Ronaldo
96%
Erling Haaland
96%
Kylian Mbappe
96%
Neymar Jr.
96%
Jude Bellingham
92%
Paul Pogba
92%
Ronaldinho Gaúcho
92%
Andrés Iniesta
88%
Gareth Bale
88%
Harry Kane
88%
Lamine Yamal
88%
Luka Modrić
88%
Mohamed Salah
88%
N'Golo Kante
88%
Zinedine Zidane
88%
Antonio Rüdiger
85%
Cole Palmer
85%
David Beckham
85%
Didier Drogba
85%
Karim Benzema
85%
Pedri
85%
Robert Lewandowski
85%
Roberto Carlos
85%
Sergio Ramos
85%
Son Heung-min
85%
Thibaut Courtois
85%
Toni Kroos
85%
Vinicius Jr.
85%
Virgil van Dijk
85%
Achraf Hakimi
77%
Manuel Neuer
77%
Paulo Dybala
73%
Ronaldo Nazário
73%
Joško Gvardiol
69%
Khvicha Kvaratskhelia
54%
No matching quizzes found
Score Distribution
Percent of People with Each Score
Percentile by Number Answered
Your Score History
You have not taken this quiz